000
00401nam a2200133Ia 4500
008
151001s9999||||xx |||||||||||||| ||und||
100
_a
सुदर्शन भाटीया
245
_a
विज्ञान प्रश्नोत्तरी
250
_a
1
260
_b
"राही प्रकाशन, गोवा "
260
_c
2009
300
_a
112
365
_b
21
999
_c
994316
_d
994313